00735nam a2200205Ia 4500003000400000005001700004008004100021020001800062040001800080041000800098082001900106100001700125245020900142250001200351260004400363300002800407650004400435650002600479650002400505OSt20260114151722.0210716s2016 xx 000 0 und d a9781782172932 cAIMIT LIBRARY aeng a621.3991bSREC aSreejith, C. aVMware NSX network essentials: blearn how to virtualize your network and discover the full potential of a software defined data center a smarter way to use network resources begins here /cBy Sreejith.c. a1st ed. aMumbai :bPackt Publishing Ltd ,c2016. av,258 p.;bPBc24.5 cm. aNSX virtual networks and logical router aNSX security features aNSX troubleshooting